000 00779nam a22002297a 4500
001 00094
003 DO-SdBNP
005 20180201090908.0
007 00094
008 160315b mx 2006 ||||| |||| 00| 0 spa d
020 _a9709765
040 _aBPMSU
_bspa
_cBPMSU
092 _axxxxxxxx
_bxxxxxxxx
100 1 0 _aFernández Lizardi, José Joaquín de,
_d1776-1827
245 1 3 _aEl periquillo sarmiento :
_bsus extraordinarias venturas y desventuras, contadas por FelipeGarrido
_cJosé Joaquín Fernández de Lizardi ; ilustración Sixto Valencia
260 _aMéxico :
_bSecretaría de educación pública,
_c2006.
300 _a127 p. :
_bil.,
_c21 cm.
700 1 0 _aValencia, Sixto,
_eil.
942 _2ddc
_cBK
945 _aInventariado, 2018/ YL
956 _aBrenda Tavárez
999 _c9246
_d9246